00851nam a22002297a 4500003000900000008004100009040007100050082001900121100003500140245007900175260003800254300002900292440005600321505002400377650003100401650003000432650004600462650004600508650002600554650001400580650002700594AR-CdUCM190227b ||||| |||| 00| 0 spa d aMUNICIPALIDAD PROVINCIAL DEL CUSCOcBIBLIOTECA MUNICIPAL DEL CUSCO a974.002 /bR21 aRamírez Cabañas, Joaquín aAltamirano y el barón de Wagner : bun incidente diplomático en 1862 / aMéxico : bPorrua S.A., c1970. a92 páginas ; c22 cm.  aArchivo Histórico Diplomático Mexicanon N° 38 a[Documentos varios] aAltamirano, Ignacio Manuel aWagner, Emil, Friherr Von aMéxico - Relaciones exteriores - Prusia aPrusia - Relaciones Exteriores - México aDocumentos de Archivo aArchivos  aFuentes - Históricos